000 00695nam a2200229Ia 4500
001 14680
003 GE_BSU
008 181216s||||||||xx |||||||||||||| ||und||
040 _cGE_BSU
080 _a821.353.1-31
100 _aქიაჩელი,ლეო
245 _aტარიელ გოლუა.
245 _bრომანი
245 _cრედ.მ.მთვრალაშვილი. მხატვ.ზ. ფორჩხიძე
260 _aთბილისი
260 _bნაკადული
260 _c1965
300 _a222გვ.17სმ.ილ.
653 _aრომანი
653 _aტარიელ გოლუა.
942 _cBK
999 _c47806
_d47806